Теория организации: учебник

التفاصيل البيبلوغرافية
المؤلف الرئيسي: Дульщиков Ю. С. Юрий Сергеевич
الملخص:Освещены теоретические аспекты и концептуальные основы организационной деятельности и процесса взаимодействия человека и организации. Применительно к предприятиям и организациям, работающим в современных условиях России, изложены законы, определяющие их функционирование, а также принципы построения и проектирования организационных систем. Особенностью данного учебника является освещение широкого круга проблем пространственного и регионального организационного развития. Приведены контрольные вопросы и практические примеры, иллюстрирующие ключевые положения курса. Для студентов, слушателей и аспирантов, изучающих управленческий цикл дисциплин, а также тех, кто занимается вопросами управленческой и организаторской деятельности в компаниях, федеральных, региональных и муниципальных органах государственной службы.
اللغة:الروسية
منشور في: Москва, РАГС, 2009
الموضوعات:
التنسيق: كتاب
KOHA link:https://koha.lib.tpu.ru/cgi-bin/koha/opac-detail.pl?biblionumber=180777

MARC

LEADER 00000nam0a2200000 4500
001 180777
005 20231101223555.0
010 |a 9785772903926 
035 |a (RuTPU)RU\TPU\book\195978 
090 |a 180777 
100 |a 20100526d2009 m y0rusy50 ca 
101 0 |a rus 
102 |a RU 
105 |a y j 001zy 
200 1 |a Теория организации  |e учебник  |f Ю. С. Дульщиков 
210 |a Москва  |c РАГС  |d 2009 
215 |a 192 с. 
320 |a Библиогр.: с. 177-180. 
320 |a Глоссарий: с. 181-186. 
330 |a Освещены теоретические аспекты и концептуальные основы организационной деятельности и процесса взаимодействия человека и организации. Применительно к предприятиям и организациям, работающим в современных условиях России, изложены законы, определяющие их функционирование, а также принципы построения и проектирования организационных систем. Особенностью данного учебника является освещение широкого круга проблем пространственного и регионального организационного развития. Приведены контрольные вопросы и практические примеры, иллюстрирующие ключевые положения курса. Для студентов, слушателей и аспирантов, изучающих управленческий цикл дисциплин, а также тех, кто занимается вопросами управленческой и организаторской деятельности в компаниях, федеральных, региональных и муниципальных органах государственной службы. 
606 1 |a Теория организации  |2 stltpush  |3 (RuTPU)RU\TPU\subj\67710  |9 83402 
610 1 |a экономика 
610 1 |a методология 
610 1 |a управление 
610 1 |a организационные отношения 
610 1 |a государственное управление 
610 1 |a законы 
610 1 |a администрирование 
610 1 |a организационный потенциал 
610 1 |a организационные системы 
610 1 |a организационные формы 
610 1 |a регионы 
610 1 |a организационная культура 
610 1 |a организационная мысль 
610 1 |a региональное управление 
610 1 |a учебники 
686 |a У9(2)29я73  |v LBC/SL-A  |2 rubbk 
700 1 |a Дульщиков  |b Ю. С.  |g Юрий Сергеевич 
801 1 |a RU  |b 63413507  |c 20100526 
801 2 |a RU  |b 63413507  |c 20150601  |g RCR 
900 |a Теория организации 
942 |c BK 
959 |a 33/20100524  |d 2  |e 238,40  |f АНЛ:1  |f ЧЗГЛ:1